| 000 | nam a22 4500 | ||
|---|---|---|---|
| 999 |
_c29445 _d29445 |
||
| 008 | 171205b xxu||||| |||| 00| 0 eng d | ||
| 020 | _a9789966465405 | ||
| 050 | _aPL 8703 .N39 2016 | ||
| 100 | _aKing'ei, Kitula | ||
| 245 |
_aKamusi ya semi za Kiswahili / _cKitula King'ei |
||
| 250 | _aToleo jipya | ||
| 260 |
_aNairobi: _bEast African Educational Publishers, _c2016. |
||
| 300 |
_avi, 306p. ; _c21 cm. |
||
| 700 | _aNdalu, Ahmed | ||
| 942 |
_2lcc _cREF_BOOK _hPL 8703 .N39 2016 |
||